[Event "NCL978b Barbican2-Simpsons"]
[Site "Rd2"]
[Date "1997.10.26"]
[Round "2.1"]
[White "Lewis, Andrew"]
[Black "Hennigan, Michael"]
[Result "0-1"]
[WhiteElo "2320"]
[BlackElo "2415"]
[PlyCount "136"]
[EventDate "1997.10.26"]
[Source "4NCL"]
[SourceDate "1998.01.01"]

1. d4 Nf6 2. c4 c5 3. e3 g6 4. Nc3 Bg7 5. Nf3 O-O 6. Be2 b6 7. O-O Bb7 8. d5 d6
9. e4 Na6 10. h3 Nc7 11. a4 e5 12. Ne1 Nd7 13. g4 Na6 14. Be3 Nb4 15. Qd2 Kh8
16. Ng2 a6 17. h4 Bc8 18. f3 Ra7 19. Kh2 f5 20. exf5 gxf5 21. g5 f4 22. Bf2 Rg8
23. Ne4 Bf8 24. Rh1 Be7 25. Ne1 Qe8 26. Nd3 a5 27. Rag1 Nf8 28. Nxb4 axb4 29.
b3 Qh5 30. Kg2 h6 31. Kf1 Nh7 32. Bd1 hxg5 33. hxg5 Bh3+ 34. Ke1 Nxg5 35. Qe2
Rg6 36. Nxg5 Bxg5 37. Bc2 Rh6 38. Kd2 Rg7 39. Rh2 Qf7 40. Rgh1 Qd7 41. Be4 Rf7
42. Qe1 Kg7 43. Qa1 Kf6 44. a5 bxa5 45. Qxa5 Kg7 46. Qa8 Rf8 47. Qc6 Qxc6 48.
dxc6 Bf5 49. Bxf5 Rxh2 50. Rxh2 Rxf5 51. Rg2 Kh6 52. Kd3 e4+ 53. fxe4 Rf8 54.
e5 dxe5 55. Bxc5 Rc8 56. Bxb4 Rxc6 57. c5 Rc8 58. Ba3 Ra8 59. Bb2 Rb8 60. Kc4
e4 61. b4 f3 62. Rh2+ Kg6 63. Be5 Re8 64. Bd4 e3 65. c6 e2 66. Bf2 Be3 67. Be1
Bg1 68. Rh1 f2 0-1

[Event "NCL978b Barbican2-Simpsons"]
[Site "Rd2"]
[Date "1997.10.26"]
[Round "2.2"]
[White "Mortazavi, Ali"]
[Black "Rogers, Jonathan"]
[Result "0-1"]
[WhiteElo "2390"]
[BlackElo "2335"]
[PlyCount "120"]
[EventDate "1997.10.26"]
[Source "4NCL"]
[SourceDate "1998.01.01"]

1. e4 e5 2. d4 exd4 3. c3 d5 4. exd5 dxc3 5. Nxc3 Bd6 6. Nf3 Ne7 7. Bg5 Nd7 8.
Be2 O-O 9. O-O h6 10. Bh4 Ne5 11. Nxe5 Bxe5 12. Bf3 Qd7 13. Re1 Ng6 14. Bg3
Bxg3 15. hxg3 Qd6 {(Draw offer)} 16. Rc1 Bd7 17. Ne4 Qb6 18. Qc2 Rac8 19. Nc5
Rcd8 20. Be4 Bc8 21. Re3 Qf6 22. Bxg6 fxg6 23. Ne6 Bxe6 24. dxe6 Rde8 25. Rce1
Re7 26. Rf3 Qg5 27. Rxf8+ Kxf8 28. Qe4 c6 29. Re3 Kg8 30. g4 Kh7 31. b3 Kg8 32.
Qd4 Qd5 33. Qxd5 cxd5 34. f4 Kf8 35. f5 Rc7 {(Draw offer)} 36. Rd3 Rc5 37. Kf2
Ke7 38. Ke3 h5 39. Kd4 b6 40. gxh5 gxf5 41. Rg3 Kxe6 42. Rxg7 Kf6 43. Rxa7 Rc2
44. Kxd5 Rxg2 45. Ra6 Kg5 46. a4 Rd2+ 47. Kc6 f4 48. Rxb6 f3 49. Rb5+ Kf6 50.
Rb8 f2 51. Rf8+ Ke7 52. Rf3 Rd6+ 53. Kc5 Rf6 54. Rxf2 Rxf2 55. a5 Kd7 56. Kb6
Rb2 57. a6 Rxb3+ 58. Ka7 Kc6 59. h6 Rh3 60. Kb8 Rxh6 0-1

[Event "NCL978b Barbican2-Simpsons"]
[Site "Rd2"]
[Date "1997.10.26"]
[Round "2.3"]
[White "Twyble, Michael"]
[Black "Tozer, Richard"]
[Result "1/2-1/2"]
[WhiteElo "2205"]
[BlackElo "2380"]
[PlyCount "145"]
[EventDate "1997.10.26"]
[Source "4NCL"]
[SourceDate "1998.01.01"]

1. Nf3 f5 2. d4 Nf6 3. g3 g6 4. Bg2 Bg7 5. c4 O-O 6. O-O d6 7. Nc3 Qe8 8. d5
Na6 9. Rb1 c6 10. b4 Bd7 11. dxc6 bxc6 12. b5 Nc5 13. Nd4 Nfe4 14. Nxe4 Nxe4
15. Bxe4 fxe4 16. Nxc6 Bxc6 17. bxc6 Qxc6 18. Qd5+ Qxd5 19. cxd5 Rab8 20. Be3
a5 21. a4 Bb2 22. Bd2 Rb3 23. Bxa5 Ra8 24. Bc3 Rxc3 25. Rxb2 Rxa4 26. Rd1 Kf7
27. Kg2 Kf6 28. f4 exf3+ 29. exf3 Raa3 30. f4 Rd3 31. Rbd2 Ra2 32. Rxa2 Rxd1
33. Ra5 Rd2+ 34. Kh3 h6 35. Rb5 Rc2 36. Rb1 Rd2 37. Rb5 g5 38. fxg5+ hxg5 39.
Ra5 Re2 40. Ra1 Ke5 41. Ra7 Kf5 42. g4+ Kf4 43. Ra4+ Re4 44. Ra2 Ke5 45. Kg3
Re1 46. Kf2 Rb1 47. Re2+ Kf6 48. Ra2 Rh1 49. Kg3 Re1 50. Ra8 Ke5 51. Kf2 Re4
52. Kf3 Rf4+ 53. Kg3 Kxd5 54. Ra5+ Ke4 55. Rxg5 e5 56. h4 Rf3+ 57. Kg2 Rf8 58.
h5 d5 59. h6 d4 60. h7 Rh8 61. Rg7 d3 62. Rd7 Kf4 63. Rxd3 Rxh7 64. Ra3 Kxg4
65. Ra4+ Kf5 66. Kf3 Rh3+ 67. Kf2 Rb3 68. Ke2 Rb1 69. Kf2 e4 70. Ra5+ Kf4 71.
Ke2 Rb2+ 72. Ke1 Rc2 73. Kf1 {
(Probably many score errors - both score-sheets illegible)} 1/2-1/2

[Event "NCL978b Barbican2-Simpsons"]
[Site "Rd2"]
[Date "1997.10.26"]
[Round "2.5"]
[White "Tucker, Alex"]
[Black "Hennigan, Rita"]
[Result "1/2-1/2"]
[WhiteElo "2210"]
[BlackElo "2225"]
[PlyCount "64"]
[EventDate "1997.10.26"]
[Source "4NCL"]
[SourceDate "1998.01.01"]

1. d4 Nf6 2. c4 c5 3. d5 e6 4. Nc3 exd5 5. cxd5 d6 6. e4 g6 7. f4 Bg7 8. Bb5+
Nfd7 9. a4 O-O 10. Nf3 Na6 11. O-O Nc7 12. Be2 a6 13. Kh1 Rb8 14. a5 Re8 15.
Qc2 b5 16. axb6 Rxb6 17. Bd2 Rb8 18. Ra2 Nb5 19. Na4 Nf6 20. Bd3 Qe7 21. e5
Nxd5 22. exd6 Qxd6 23. Qxc5 Bg4 24. Qxd6 Nxd6 25. Bxa6 Ne4 26. Bc3 Nexc3 27.
bxc3 Nxc3 28. Nxc3 Bxc3 29. Bc4 Bxf3 30. gxf3 Kf8 31. Ra7 Re7 32. Rxe7 Kxe7 {
(41 moves - both score sheets illegible)} 1/2-1/2

[Event "NCL978b Barbican2-Simpsons"]
[Site "Rd2"]
[Date "1997.10.26"]
[Round "2.7"]
[White "Bautista, Marc"]
[Black "Martin, Barry"]
[Result "1/2-1/2"]
[WhiteElo "2115"]
[BlackElo "2010"]
[PlyCount "29"]
[EventDate "1997.10.26"]
[Source "4NCL"]
[SourceDate "1998.01.01"]

1. e4 c5 2. Nf3 e6 3. d3 Be7 4. g3 b6 5. Bg2 Bb7 6. O-O Nc6 7. Re1 Nf6 8. Nbd2
h6 9. Nf1 d5 10. exd5 Nxd5 11. Ne5 Nxe5 12. Rxe5 Qd7 13. Qf3 Bf6 14. Rh5 O-O-O
15. a3 1/2-1/2

[Event "NCL978b Coulsdon-White Rose"]
[Site "Rd2"]
[Date "1997.10.26"]
[Round "2.1"]
[White "Wilson, Jon"]
[Black "Dunnington, Angus"]
[Result "1/2-1/2"]
[WhiteElo "2315"]
[BlackElo "2420"]
[PlyCount "38"]
[EventDate "1997.10.26"]
[Source "4NCL"]
[SourceDate "1998.01.01"]

1. d4 d5 2. c4 c6 3. Nf3 Nf6 4. Nc3 a6 5. e3 g6 6. a4 Bg7 7. Be2 O-O 8. O-O Ne4
9. Qb3 dxc4 10. Bxc4 Nd6 11. Bd3 Be6 12. Qc2 Nd7 13. Ng5 Bc4 14. Bxc4 Nxc4 15.
Nce4 Nd6 16. f4 Nxe4 17. Nxe4 Nf6 18. Nc5 b6 19. Nd3 Qd5 1/2-1/2

[Event "NCL978b Coulsdon-White Rose"]
[Site "Rd2"]
[Date "1997.10.26"]
[Round "2.2"]
[White "Lane, Gary"]
[Black "Harley, Andrew"]
[Result "1-0"]
[WhiteElo "2420"]
[BlackElo "2305"]
[PlyCount "55"]
[EventDate "1997.10.26"]
[Source "4NCL"]
[SourceDate "1998.01.01"]

1. e4 e6 2. d4 d5 3. Nd2 c5 4. exd5 Qxd5 5. Ngf3 cxd4 6. Bd3 Nf6 7. O-O Nc6 8.
Re1 Be7 9. Nc4 O-O 10. Nce5 Rd8 11. Bf4 Bd7 12. a3 a5 13. Nc4 Qc5 14. Bc7 Rdc8
15. Bb6 Qd5 16. Nxd4 Bc5 17. Nb3 Be7 18. Be3 Bd8 19. Nd6 Rcb8 20. c4 Qh5 21.
Be2 Qe5 22. Qd2 Ne8 23. Nxf7 Qf6 24. Nxd8 Qxd8 25. Rad1 Nf6 26. Nc5 Be8 27.
Nxe6 Qe7 28. Nf4 1-0

[Event "NCL978b Coulsdon-White Rose"]
[Site "Rd2"]
[Date "1997.10.26"]
[Round "2.3"]
[White "Adelaja, Abimbola"]
[Black "Potts, Alan"]
[Result "0-1"]
[WhiteElo "2155"]
[BlackElo "2290"]
[PlyCount "82"]
[EventDate "1997.10.26"]
[Source "4NCL"]
[SourceDate "1998.01.01"]

1. e4 c5 2. Nf3 d6 3. d4 cxd4 4. Nxd4 Nf6 5. f3 a6 6. Nc3 e5 7. Nb3 Be6 8. Be3
Nbd7 9. g4 Nb6 10. Qd2 Rc8 11. O-O-O Be7 12. h4 Qc7 13. h5 Nfd7 14. Kb1 Nc4 15.
Bxc4 Qxc4 16. g5 b5 17. Rhg1 b4 18. Nd5 Bxd5 19. exd5 Qc7 20. f4 exf4 21. Bxf4
O-O 22. Nd4 Ne5 23. Rg2 Rfe8 24. Nf5 Bf8 25. Nd4 a5 26. Bxe5 dxe5 27. Nc6 Bd6
28. Rh1 e4 29. g6 fxg6 30. hxg6 h6 31. Qd4 Be5 32. Qxe4 Bxb2 33. Qc4 Qd6 34.
Kxb2 Re5 35. Kb1 Kh8 36. Rgg1 Rxd5 37. Rf1 Rc5 38. Qe4 R5xc6 39. Rf7 Qxg6 40.
Qxg6 Rxg6 41. Rf5 a4 0-1

[Event "NCL978b Coulsdon-White Rose"]
[Site "Rd2"]
[Date "1997.10.26"]
[Round "2.5"]
[White "Rosen, Daniel"]
[Black "Palliser, Richard"]
[Result "1/2-1/2"]
[WhiteElo "2225"]
[BlackElo "2125"]
[PlyCount "60"]
[EventDate "1997.10.26"]
[Source "4NCL"]
[SourceDate "1998.01.01"]

1. e4 c5 2. f4 d5 3. Nc3 dxe4 4. Nxe4 Qc7 5. d3 Nd7 6. Nf3 Ngf6 7. g3 g6 8. Bg2
Bg7 9. O-O O-O 10. c3 b6 11. f5 Nxe4 12. dxe4 Ba6 13. Rf2 Rad8 14. Bf4 Qc8 15.
Qe1 Nf6 16. fxg6 hxg6 17. Ng5 e6 18. Rd1 Ng4 19. Rfd2 e5 20. Rxd8 Rxd8 21. Bc1
Nf6 22. Bf1 Rxd1 23. Qxd1 Bxf1 24. Qxf1 Qd7 25. Kg2 Nh7 26. Nxh7 {(Draw offer)}
Kxh7 27. Qe2 b5 28. c4 a6 29. Be3 Bf8 30. b3 Kg8 1/2-1/2

[Event "NCL978b Coulsdon-White Rose"]
[Site "Rd2"]
[Date "1997.10.26"]
[Round "2.6"]
[White "Gayson, Peter"]
[Black "Coathup, Roger"]
[Result "1-0"]
[WhiteElo "2240"]
[BlackElo "2230"]
[PlyCount "111"]
[EventDate "1997.10.26"]
[Source "4NCL"]
[SourceDate "1998.01.01"]

1. e4 c5 2. Nf3 e6 3. d4 cxd4 4. Nxd4 a6 5. Nc3 Qc7 6. Be2 Nf6 7. O-O Nc6 8.
Be3 Bb4 9. Bd3 Ne5 10. h3 Bxc3 11. bxc3 Qxc3 12. Nb3 d5 13. Bd4 Qc7 14. exd5
Nxd5 15. Re1 Nxd3 16. Qxd3 O-O 17. c4 Ne7 18. Be5 Qd8 19. Qc3 f6 20. Rad1 Qe8
21. Bd6 Qf7 22. Nc5 Re8 23. Na4 Nc6 24. Nb6 Ra7 25. Bc5 e5 26. Nxc8 Rxc8 27.
Bxa7 Nxa7 28. Qb3 Nc6 29. c5 Nd4 30. Qxf7+ Kxf7 31. Rb1 Rc7 32. Kf1 Ne6 33.
Rec1 Nxc5 34. a4 Ke7 35. Rb2 Kd6 36. Rd2+ Ke6 37. Rdc2 Kd6 38. a5 Ne6 39. Rxc7
Nxc7 40. Ke2 Nb5 {(Draw offer)} 41. Kd3 Nd4 42. Rc8 Nc6 43. Rg8 g6 44. Rg7 Nxa5
45. Rxh7 Nb3 46. h4 a5 47. Kc4 Nc5 48. g4 Ne4 49. h5 gxh5 50. gxh5 Nxf2 51. Rg7
e4 52. h6 e3 53. h7 e2 54. h8=Q e1=Q 55. Qd8+ Kc6 56. Qc7# 1-0

[Event "NCL978b Kings Head-Nidum Kts"]
[Site "Rd2"]
[Date "1997.10.26"]
[Round "2.1"]
[White "McMichael, Rick"]
[Black "Williams, Leighton"]
[Result "1-0"]
[WhiteElo "2200"]
[BlackElo "2265"]
[PlyCount "83"]
[EventDate "1997.10.26"]
[Source "4NCL"]
[SourceDate "1998.01.01"]

1. b3 e5 2. Bb2 d6 3. e3 Nf6 4. c4 g6 5. Nf3 Bg7 6. d4 e4 7. Nfd2 O-O 8. Nc3
Re8 9. Be2 Nbd7 10. Qc2 Qe7 11. g4 h6 12. h4 c6 13. g5 hxg5 14. hxg5 Nh7 15.
Ndxe4 Nxg5 16. Nxg5 Qxg5 17. O-O-O Nf8 18. Rdg1 Qe7 19. Bd3 a6 20. d5 Bd7 21.
Rg3 b5 22. f4 Rec8 23. Qh2 f5 24. Kb1 Rab8 25. Rhg1 bxc4 26. Bxc4 cxd5 27.
Bxd5+ Be6 28. Rxg6 Nxg6 29. Rxg6 Bxd5 30. Rxg7+ Qxg7 31. Nxd5 Qb7 32. Qh8+ Kf7
33. Qf6+ Ke8 34. Qe6+ Kf8 35. Qxd6+ Kf7 36. Qf6+ Ke8 37. Qe6+ Kf8 38. Ba3+ Kg7
39. Qf6+ Kh7 40. Qxf5+ Kg7 41. Bb2+ Kg8 42. Qg6+ 1-0

[Event "NCL978b Invicta2-Witney"]
[Site "Rd2"]
[Date "1997.??.??"]
[Round "2.1"]
[White "Cooksey, Paul"]
[Black "Gurr, Lyndon"]
[Result "1-0"]
[WhiteElo "2185"]
[BlackElo "2208"]
[PlyCount "81"]
[EventDate "1997.10.26"]
[Source "4NCL"]
[SourceDate "1998.01.01"]

1. e4 e6 2. d4 d5 3. Nd2 c5 4. exd5 exd5 5. Ngf3 Nc6 6. Bb5 Bd6 7. O-O Nge7 8.
dxc5 Bxc5 9. Nb3 Bd6 10. Bg5 O-O 11. Nfd4 Qc7 12. h3 a6 13. Be2 Ne5 14. c3 Bd7
15. Re1 Rfe8 16. Nf3 f6 17. Nxe5 Bxe5 18. Be3 Be6 19. Nd4 Bf7 20. Qc2 Bg6 21.
Qb3 Kh8 22. Rad1 Nf5 23. Nxf5 Bxf5 24. Bh5 Re7 25. Bb6 Qc4 26. Qxc4 dxc4 27. f4
Bd6 28. Rxe7 Bxe7 29. Rd4 Rc8 30. Bf3 h6 31. a4 g5 32. a5 Bc5 33. Bxc5 Rxc5 34.
Rd5 Rxd5 35. Bxd5 Bc8 36. Kf2 Kg7 37. Ke3 gxf4+ 38. Kxf4 Kf8 39. Bxc4 Ke7 40.
Bd3 Bd7 41. Be4 1-0

[Event "NCL978b Invicta2-Witney"]
[Site "Rd2"]
[Date "1997.??.??"]
[Round "2.2"]
[White "Bibby, Simon"]
[Black "Headlong, Tim"]
[Result "1/2-1/2"]
[WhiteElo "2210"]
[BlackElo "2260"]
[PlyCount "40"]
[EventDate "1997.10.26"]
[Source "4NCL"]
[SourceDate "1998.01.01"]

1. e4 c5 2. Nf3 g6 3. d4 Bg7 4. dxc5 Qa5+ 5. Nfd2 Qxc5 6. Be2 d6 7. O-O Nf6 8.
Nc3 O-O 9. Kh1 Be6 10. f4 Qc8 11. Bd3 d5 12. f5 dxe4 13. fxe6 exd3 14. exf7+
Rxf7 15. cxd3 Nc6 16. Nf3 h6 17. Qb3 Qd7 18. d4 e6 19. Be3 Nd5 20. Nxd5 exd5
1/2-1/2

[Event "NCL978b Invicta2-Witney"]
[Site "Rd2"]
[Date "1997.??.??"]
[Round "2.3"]
[White "Rose, Matthew"]
[Black "Griffiths, Paul V"]
[Result "1/2-1/2"]
[WhiteElo "2176"]
[BlackElo "2230"]
[PlyCount "120"]
[EventDate "1997.10.26"]
[Source "4NCL"]
[SourceDate "1998.01.01"]

1. e4 e5 2. Nc3 Nc6 3. Bc4 Nf6 4. d3 Be7 5. f4 d6 6. Nf3 exf4 7. Bxf4 Na5 8.
Qe2 O-O 9. O-O c6 10. Kh1 d5 11. exd5 Re8 12. dxc6 Nxc4 13. c7 Qd7 14. dxc4 Bc5
15. Qd3 Nh5 16. Qxd7 Bxd7 17. Rad1 Be6 18. Bd6 Bxd6 19. Rxd6 Rac8 20. Nd5 Bxd5
21. Rxd5 Nf6 22. Re5 Rxc7 23. Rxe8+ Nxe8 24. Re1 Kf8 25. b3 Nd6 26. Nd4 Rd7 27.
c3 f5 28. c5 Ne4 29. Nxf5 Nxc5 30. Nd4 Nd3 31. Re3 Nc1 32. a4 Nxb3 33. Rd3 Nxd4
34. cxd4 Ke7 35. Kg1 Kd6 36. Kf2 Kd5 37. Ke3 Re7+ 38. Kd2 Kc4 39. Rh3 h6 40.
Rh4 b6 41. Rf4 a6 42. h4 b5 43. axb5 axb5 44. h5 Rb7 45. Kc2 b4 46. Rg4 Re7 47.
d5+ Kxd5 48. Rxb4 Re2+ 49. Kd3 Rxg2 50. Ke3 Rg5 51. Kf3 Ke5 52. Rh4 Rf5+ 53.
Kg3 Kf6 54. Kg4 Ra5 55. Rh1 Ra4+ 56. Kh3 Ra7 57. Rg1 Rb7 58. Kh4 Rb4+ 59. Kh3
Rb5 60. Kh4 Rb4+ 1/2-1/2

[Event "NCL978b Invicta2-Witney"]
[Site "Rd2"]
[Date "1997.??.??"]
[Round "2.4"]
[White "Howell, Chris"]
[Black "Haydon, Richard"]
[Result "1/2-1/2"]
[WhiteElo "2175"]
[BlackElo "2180"]
[PlyCount "41"]
[EventDate "1997.10.26"]
[Source "4NCL"]
[SourceDate "1998.01.01"]

1. c4 d6 2. g3 g6 3. Bg2 Bg7 4. Nc3 Nf6 5. Nf3 O-O 6. O-O e5 7. d3 Nc6 8. Rb1
a5 9. a3 Re8 10. e4 Bg4 11. h3 Bxf3 12. Bxf3 Nd7 13. b4 axb4 14. axb4 Nf8 15.
h4 h5 16. Bg2 Ne6 17. Bh3 Ncd4 18. Bxe6 Nxe6 19. Be3 Kh7 20. Nd5 Ra3 21. Bc1
1/2-1/2

[Event "NCL978b Invicta2-Witney"]
[Site "Rd2"]
[Date "1997.??.??"]
[Round "2.5"]
[White "Dickinson, Tim"]
[Black "Fenn, Paul"]
[Result "1/2-1/2"]
[WhiteElo "2155"]
[BlackElo "2089"]
[PlyCount "81"]
[EventDate "1997.10.26"]
[Source "4NCL"]
[SourceDate "1998.01.01"]

1. e4 Nc6 2. Nf3 d6 3. h3 Nf6 4. Nc3 e5 5. d4 Be7 6. Bc4 O-O 7. O-O h6 8. Be3
Bd7 9. a4 Qc8 10. a5 a6 11. d5 Nd8 12. Nd2 Nh7 13. f4 Kh8 14. f5 Rg8 15. Kh2
Bg5 16. Bxg5 Nxg5 17. h4 Nh7 18. g4 f6 19. Nf3 Nf7 20. Qd2 g5 21. h5 Kg7 22.
Qf2 Qd8 23. b4 Qe7 24. Na4 Rgb8 25. Bb3 Nf8 26. c4 Be8 27. Rfc1 Nd8 28. Ra2 Bf7
29. Rac2 Nd7 30. Qe3 b6 31. c5 bxc5 32. bxc5 c6 33. cxd6 Qxd6 34. Rd2 Qa3 35.
Rc3 Rxb3 36. Rxb3 Qxa4 37. Ra3 Qb5 38. dxc6 Qxc6 39. Rc3 Qa4 40. Rc7 Be8 41.
Rdxd7+ 1/2-1/2

[Event "NCL978b Invicta2-Witney"]
[Site "Rd2"]
[Date "1997.??.??"]
[Round "2.6"]
[White "Noakes, Matthew"]
[Black "Elliott, Sean"]
[Result "1/2-1/2"]
[WhiteElo "2020"]
[BlackElo "2032"]
[PlyCount "37"]
[EventDate "1997.10.26"]
[Source "4NCL"]
[SourceDate "1998.01.01"]

1. d4 d5 2. c4 e6 3. Nc3 c5 4. cxd5 exd5 5. Nf3 Nc6 6. e3 Nf6 7. Ne5 Bd6 8. Bb5
Bd7 9. Nxd7 Qxd7 10. dxc5 Bxc5 11. O-O O-O 12. b3 a6 13. Be2 Rad8 14. Bb2 Qd6
15. Bf3 Rfe8 16. g3 Ne4 17. Bxe4 dxe4 18. Qxd6 Rxd6 19. Rfd1 1/2-1/2

[Event "NCL978b Invicta2-Witney"]
[Site "Rd2"]
[Date "1997.??.??"]
[Round "2.7"]
[White "Moxley, Carl"]
[Black "Kissoon, Alvin"]
[Result "1/2-1/2"]
[WhiteElo "1920"]
[BlackElo "1904"]
[PlyCount "55"]
[EventDate "1997.10.26"]
[Source "4NCL"]
[SourceDate "1998.01.01"]

1. d4 d5 2. Nf3 Nf6 3. Bg5 e6 4. Nbd2 Be7 5. e3 O-O 6. Bd3 h6 7. Bh4 Nbd7 8.
O-O b6 9. c3 c5 10. Ne5 Nb8 11. f4 Qe8 12. Qe2 Nfd7 13. Bxe7 Qxe7 14. Ndf3 Qe8
15. g4 f6 16. Ng6 Rf7 17. h4 f5 18. g5 Nf8 19. Nge5 Re7 20. gxh6 gxh6 21. Kh1
Kh7 22. Rg1 Nbd7 23. Qg2 Nf6 24. Qh3 c4 25. Bc2 Rb8 26. Rg2 Rbb7 27. Rag1 Rg7
28. Rxg7+ 1/2-1/2

[Event "NCL978b Invicta2-Witney"]
[Site "Rd2"]
[Date "1997.??.??"]
[Round "2.8"]
[White "Howell, Susan"]
[Black "Smith, Lucy"]
[Result "1/2-1/2"]
[WhiteElo "1816"]
[BlackElo "1648"]
[PlyCount "87"]
[EventDate "1997.10.26"]
[Source "4NCL"]
[SourceDate "1998.01.01"]

1. d4 d5 2. c4 e6 3. Nc3 Nf6 4. Bg5 Be7 5. Nf3 c6 6. e3 h6 7. Bh4 dxc4 8. Bxc4
Nd5 9. Bg3 Bb4 10. Qb3 a5 11. O-O O-O 12. Rac1 Bd6 13. e4 Nxc3 14. Rxc3 a4 15.
Qd1 b5 16. Bd3 b4 17. Rc1 Bxg3 18. hxg3 Bb7 19. Qd2 Qe7 20. Ne5 Rd8 21. Rc4 Ba6
22. Qxb4 Qxb4 23. Rxb4 f6 24. Nc4 Rxd4 25. Rd1 Bb5 26. Nb6 Rxb4 27. Nxa8 Rd4
28. Bc2 Rxd1+ 29. Bxd1 Na6 30. f3 Kf7 31. Kf2 Ke7 32. Be2 Kd6 33. Nb6 Nc5 34.
Nc4+ Bxc4 35. Bxc4 e5 36. Ke3 Nb7 37. Kd3 Kc5 38. Bg8 Nd6 39. Kc3 Nb5+ 40. Kd3
Nd6 41. g4 Nb5 42. g3 Nd4 43. f4 g5 44. fxe5 1/2-1/2

[Event "NCL978b Guildford2-Simpsons"]
[Site "Rd3"]
[Date "1997.11.22"]
[Round "3.1"]
[White "Granat, Russell"]
[Black "Hennigan, Michael"]
[Result "0-1"]
[WhiteElo "2260"]
[BlackElo "2415"]
[PlyCount "80"]
[EventDate "1997.10.22"]
[Source "4NCL"]
[SourceDate "1998.01.01"]

1. e4 c5 2. Nf3 Nc6 3. d4 cxd4 4. Nxd4 Nf6 5. Nc3 d6 6. Be2 e5 7. Nb3 Be7 8.
O-O O-O 9. f4 a6 10. f5 b5 11. Bf3 b4 12. Nd5 Nxd5 13. Qxd5 Bb7 14. Be3 a5 15.
Qd2 a4 16. Nc1 a3 17. b3 Qa5 18. Qf2 Nd4 19. Bxd4 exd4 20. Nd3 Ba6 21. Rad1 Qb6
22. Kh1 Rac8 23. e5 {#} Bxd3 24. f6 Bg6 25. fxe7 Rfe8 26. e6 fxe6 27. Be4 Rxe7
28. Bxg6 hxg6 29. Rxd4 e5 30. Rc4 Qb7 31. Rxc8+ Qxc8 32. h3 Qe6 33. Qf8+ Kh7
34. Qb8 e4 35. Qxb4 e3 36. Qe1 e2 37. Rf3 Qe4 38. c4 g5 39. Rf2 Qd3 40. Kh2 Qd1
0-1

[Event "NCL978b Guildford2-Simpsons"]
[Site "Rd3"]
[Date "1997.11.22"]
[Round "3.2"]
[White "Mortazavi, Ali"]
[Black "James, Russell"]
[Result "0-1"]
[WhiteElo "2390"]
[BlackElo "2110"]
[PlyCount "60"]
[EventDate "1997.10.22"]
[Source "4NCL"]
[SourceDate "1998.01.01"]

1. e4 e5 2. Nf3 Nc6 3. Bc4 Nf6 4. d3 Bc5 5. c3 O-O 6. b4 Bb6 7. Bg5 d6 8. Nbd2
Qe7 9. Nf1 h6 10. Bh4 {#} g5 11. Nxg5 hxg5 12. Bxg5 Nxe4 13. dxe4 Qxg5 14. Ng3
Be6 15. Qd3 Ne7 16. Rd1 Ng6 17. Ne2 Nf4 18. Nxf4 Qxf4 19. O-O Kg7 20. Bd5 Bg4
21. Rd2 c6 22. Bb3 Rh8 23. g3 Qh6 24. h4 Rad8 25. Kg2 Qg6 26. f4 f5 27. fxe5
dxe5 28. Qc2 Rxd2+ 29. Qxd2 Rd8 30. Qc1 f4 0-1

[Event "NCL978b Guildford2-Simpsons"]
[Site "Rd3"]
[Date "1997.11.22"]
[Round "3.3"]
[White "Norman, Ken"]
[Black "Tozer, Richard"]
[Result "0-1"]
[WhiteElo "2184"]
[BlackElo "2380"]
[PlyCount "156"]
[EventDate "1997.10.22"]
[Source "4NCL"]
[SourceDate "1998.01.01"]

1. Nf3 f5 2. g3 Nf6 3. Bg2 g6 4. O-O Bg7 5. c4 O-O 6. d4 d6 7. d5 Na6 8. Nc3
Qe8 9. Rb1 c6 10. dxc6 bxc6 11. b4 Bd7 12. b5 cxb5 13. cxb5 Nc5 14. a4 h6 15.
Nd4 Nfe4 16. Nxe4 Nxe4 17. Bb2 Qf7 18. e3 Rac8 19. Rc1 Qa2 20. Rb1 Rc4 21. Rc1
Rfc8 22. Rxc4 Rxc4 23. Qe2 Rb4 24. Ba1 Qxe2 25. Nxe2 Rxa4 26. Bxg7 Kxg7 27.
Bxe4 fxe4 28. Rb1 g5 29. b6 axb6 30. Rxb6 Bg4 31. Nc3 Rc4 32. Rb3 Bf3 33. Kf1
Kf6 34. Ke1 Rc5 35. Kd2 d5 36. Rb6+ e6 37. Ra6 Bg4 38. Rb6 Ke5 39. Nb5 Rc8 40.
Nc3 Rf8 41. Ke1 Ra8 42. Rb1 Ra6 43. Kd2 Bf3 44. Ke1 Kf5 45. Ne2 Bxe2 46. Kxe2
Kg4 47. Rb8 Kh3 48. Rh8 e5 49. Rd8 Kxh2 50. Rxd5 Kg2 51. Rxe5 Ra2+ 52. Ke1 Ra1+
53. Ke2 Ra2+ 54. Ke1 Rxf2 55. g4 Rf1+ 56. Ke2 Rf2+ 57. Ke1 Kg3 58. Rxe4 Rh2 59.
Rb4 Kf3 60. e4 Kxg4 61. e5+ Kf5 62. Rb5 Rh4 63. Kf2 Re4 64. e6+ Kf6 65. e7 Rxe7
66. Kg3 h5 67. Ra5 Re3+ 68. Kg2 Re5 69. Ra6+ Kf5 70. Ra4 Re4 71. Ra3 h4 72.
Rf3+ Kg4 73. Rf2 h3+ 74. Kh2 Kh4 75. Ra2 g4 76. Ra1 g3+ 77. Kg1 h2+ 78. Kh1 Kh3
0-1

[Event "NCL978b Guildford2-Simpsons"]
[Site "Rd3"]
[Date "1997.11.22"]
[Round "3.4"]
[White "Black, Richard"]
[Black "Singleton, Michael"]
[Result "1-0"]
[WhiteElo "2288"]
[BlackElo "2080"]
[PlyCount "79"]
[EventDate "1997.10.22"]
[Source "4NCL"]
[SourceDate "1998.01.01"]

1. e4 c5 2. Nf3 e6 3. d4 cxd4 4. Nxd4 Nf6 5. Nc3 Nc6 6. Ndb5 d6 7. Bf4 e5 8.
Bg5 a6 9. Na3 b5 10. Bxf6 gxf6 11. Nd5 f5 12. c3 Rg8 13. exf5 Rb8 14. Nc2 Qg5
15. Nce3 Ne7 16. h4 Qh6 17. g4 Nxd5 18. Nxd5 Bb7 19. g5 Rxg5 20. hxg5 Qxh1 21.
Nf6+ Kd8 22. Qd3 Bf3 23. a4 bxa4 24. b4 e4 25. Qxa6 e3 26. Qa5+ Kc8 27. Qxa4
Bc6 28. Qa6+ Kd8 29. Qa5+ Kc8 30. O-O-O Bb7 31. Bb5 Qxd1+ 32. Kxd1 Ra8 33. Bd7+
Kb8 34. Qd8+ Ka7 35. Qa5+ Kb8 36. Qxa8+ Kxa8 37. fxe3 h6 38. Nh7 Be7 39. f6 Bd8
40. g6 {time} 1-0

[Event "NCL978b Guildford2-Simpsons"]
[Site "Rd3"]
[Date "1997.11.22"]
[Round "3.5"]
[White "Punnett, Alan"]
[Black "Tozer, Philip"]
[Result "1-0"]
[WhiteElo "2100"]
[BlackElo "1968"]
[PlyCount "73"]
[EventDate "1997.10.22"]
[Source "4NCL"]
[SourceDate "1998.01.01"]

1. d4 f5 2. Bg5 Nf6 3. Bxf6 exf6 4. c4 g6 5. Nc3 Bg7 6. e3 O-O 7. h4 d6 8. Bd3
Be6 9. h5 Bf7 10. hxg6 hxg6 11. Qf3 Nc6 12. Nd5 Ne7 13. Nf4 c6 14. Nge2 d5 15.
Qh3 Re8 16. cxd5 Qa5+ 17. Kf1 cxd5 18. g3 Rac8 19. Kg2 Rc6 20. Qh7+ Kf8 21. b4
Qb6 22. a4 Rec8 23. b5 R6c7 24. g4 fxg4 25. a5 Qd6 26. Bxg6 Nxg6 27. Nxg6+ Bxg6
28. Qxg6 Qd7 29. Nf4 Re8 30. Rh5 Qf7 31. Qxg4 Re4 32. Rah1 Rc2 33. Rh8+ Bxh8
34. Rxh8+ Ke7 35. Ng6+ Kd6 36. Rd8+ Kc7 37. Qc8# 1-0

[Event "NCL978b Guildford2-Simpsons"]
[Site "Rd3"]
[Date "1997.11.22"]
[Round "3.6"]
[White "Christopher, Sarah"]
[Black "Shepley, Julien"]
[Result "0-1"]
[WhiteElo "2095"]
[BlackElo "2180"]
[PlyCount "82"]
[EventDate "1997.10.22"]
[Source "4NCL"]
[SourceDate "1998.01.01"]

1. e4 d5 2. exd5 Nf6 3. Nc3 Nxd5 4. Nxd5 Qxd5 5. d4 Nc6 6. Nf3 Bg4 7. Be2 O-O-O
8. c3 e5 9. Be3 exd4 10. Nxd4 Bxe2 11. Qxe2 Nxd4 12. Bxd4 c5 13. Be3 Qxg2 14.
Rf1 Be7 15. Qc4 Rhe8 16. Rd1 Qg6 17. Rxd8+ Rxd8 18. Ke2 Qh5+ 19. f3 Qxh2+ 20.
Bf2 f5 21. Qe6+ Rd7 22. Rd1 Bd6 23. Qxf5 Kc7 24. Rd3 Re7+ 25. Re3 Rxe3+ 26.
Kxe3 Qe5+ 27. Qxe5 Bxe5 28. Ke4 Kd6 29. f4 Bf6 30. Bg3 b5 31. f5+ Kc6 32. Be1
a5 33. Bd2 c4 34. Be1 h5 35. Bg3 h4 36. Bf4 b4 37. Bd2 bxc3 38. bxc3 a4 39. Be1
h3 40. Kf3 Be5 41. Kf2 Kd5 0-1